[Event "Reykjavik Open"]
[Site "Reykjavik ISL"]
[Date "2012.03.11"]
[Round "7.28"]
[White "Shulman,Y"]
[Black "Haarr,J"]
[Result "1-0"]
[WhiteElo "2594"]
[BlackElo "2226"]

1.d4 Nf6 2.Nf3 d5 3.c4 c6 4.Nc3 e6 5.Bg5 h6 6.Bh4 Nbd7 7.e3 Be7 8.Bd3 O-O
9.O-O dxc4 10.Bxc4 b5 11.Bd3 Bb7 12.Rc1 a6 13.Bxf6 Nxf6 14.Ne4 Nd7 15.Bb1 f5
16.Nc5 Nxc5 17.dxc5 Qxd1 18.Rfxd1 Rad8 19.Bc2 Bf6 20.Nd4 Kf7 21.Bb3 Bxd4
22.exd4 a5 23.a3 Kf6 24.f3 Bc8 25.Kf2 Bd7 26.Re1 Rfe8 27.Re5 Bc8 28.Ke3 Re7
29.Re1 Rde8 30.g4 g6 31.h4 h5 32.gxh5 gxh5 33.Rg1 Rg7 34.Rxg7 Kxg7 35.d5 Kf6
36.Kd4 Rd8 37.d6 Rg8 38.Re2 Bd7 39.Ke3 Rg3 40.Kf4 Rg1 41.Bc2 b4 42.axb4 axb4
43.Bb3 Rh1 44.Rg2 Rxh4+ 45.Ke3 Kf7 46.Rg5 f4+ 47.Kd3 Rh2 48.Rf5+ Kg6 49.Rxf4 Rxb2
50.Rxb4 h4 51.Kc3 Rf2 52.Rxh4 Rxf3+ 53.Kb4 Rf7 54.Re4 Kf5 55.Re1 Rg7 56.Ka5 Bc8
57.Bc2+ Kf6 58.Kb6 Rg2 59.Be4 Rb2+ 60.Kc7  1-0

[Event "Reykjavik Open"]
[Site "Reykjavik ISL"]
[Date "2012.03.12"]
[Round "8.17"]
[White "Coleman,T"]
[Black "Shulman,Y"]
[Result "1/2-1/2"]
[WhiteElo "2356"]
[BlackElo "2594"]

1.d4 Nf6 2.c4 c5 3.d5 e5 4.Nc3 d6 5.e4 Be7 6.g3 O-O 7.Bg2 Nbd7 8.Nf3 Ne8
9.Qc2 g6 10.Bd2 Ng7 11.h4 a6 12.Bh3 Nf6 13.Ng5 Nfh5 14.O-O-O b5 15.Ne2 Bxh3
16.Nxh3 Qd7 17.f3 f5 18.Bh6 Rf7 19.Ng5 Bxg5+ 20.Bxg5 fxe4 21.Qxe4 Qf5 22.g4 Qxe4
23.fxe4 Nf6 24.Bxf6 Rxf6 25.Rdf1 Raf8 26.Rxf6 Rxf6 27.cxb5 axb5 28.Kd2 Rf3
29.b4 Ra3 30.Rb1 Rxa2+ 31.Ke3 Ra3+ 32.Kd2 cxb4 33.Rxb4 Rh3 34.Nc3 Rxh4 35.Nxb5 Ne8
36.g5 h6 37.gxh6 Rxh6 38.Ra4 Rh2+ 39.Ke3 Rb2 40.Ra8 Rb3+ 41.Ke2 Rxb5 42.Rxe8+ Kg7
43.Re6 Rb6 44.Kf3 Kh6 45.Kg4 Rb4 46.Rxd6 Rxe4+ 47.Kf3 Rf4+ 48.Kg3 Kg5 49.Rd8 Rf6
50.d6 Kf5 51.d7 Rf7 52.Kg2 g5 53.Kf3 g4+ 54.Ke3 e4 55.Ra8 Rxd7 56.Ra5+ Kg6
57.Kxe4 Rf7 58.Ke3 g3 59.Ke2 Rf2+ 60.Ke1 Rf3 61.Ke2 Rf2+ 62.Ke1 Rf3 63.Ke2 Rf4
64.Ra3 Rg4 65.Kf1  1/2-1/2

[Event "Reykjavik Open"]
[Site "Reykjavik ISL"]
[Date "2012.03.13"]
[Round "9.17"]
[White "Shulman,Y"]
[Black "Mertens,H"]
[Result "1-0"]
[WhiteElo "2594"]
[BlackElo "2336"]

1.d4 Nf6 2.c4 e6 3.Nf3 Bb4+ 4.Bd2 c5 5.Bxb4 cxb4 6.g3 O-O 7.Bg2 d6 8.O-O a5
9.Nbd2 Re8 10.Rc1 e5 11.dxe5 dxe5 12.c5 Qe7 13.Nc4 Rd8 14.Nd6 h6 15.Nxc8 Rxc8
16.Qd6 Qxd6 17.cxd6 Rxc1 18.Rxc1 Nc6 19.Nd2 Rd8 20.Bxc6 Rxd6 21.Be4 Nxe4
22.Nxe4 Rd4 23.Nc5 Rd2 24.Nxb7 a4 25.a3 Rxb2 26.axb4 a3 27.Rc8+ Kh7 28.Ra8 a2
29.Kg2 Rxe2 30.Nd6 e4 31.Nc4 Rc2 32.Ne3 Rb2 33.b5 g6 34.b6 f5 35.Nc4 Rb4
36.Rxa2  1-0

[Event "ch-USA 2012"]
[Site "Saint Louis USA"]
[Date "2012.05.08"]
[Round "1"]
[White "Shulman,Y"]
[Black "Kaidanov,G"]
[Result "1/2-1/2"]
[WhiteElo "2571"]
[BlackElo "2594"]

1.d4 Nf6 2.c4 e6 3.Nf3 Bb4+ 4.Nbd2 O-O 5.a3 Be7 6.e4 d5 7.e5 Nfd7 8.Bd3 c5
9.h4 g6 10.h5 cxd4 11.Qc2 Nc5 12.hxg6 Nxd3+ 13.Qxd3 fxg6 14.Nxd4 Nc6 15.Nxc6 bxc6
16.Qh3 Rf7 17.Nf3 dxc4 18.O-O Qd3 19.Be3 c5 20.Rac1 Qf5 21.Qg3 Rb8 22.Rxc4 Ba6
23.Rf4 Qd3 24.Rc1 Rxf4 25.Qxf4 Rxb2 26.Qa4 Qb5 27.Qg4 Qb6 28.Ng5 Rb1 29.Qf4 Bxg5
30.Qxg5 Bc4 31.Kh2 Rxc1 32.Bxc1 Qc7 33.Qf6 Qf7 34.Qh4 Bb5 35.Bh6 c4 36.Qd8+ Be8
37.f3 Qd7 38.Qf6 Qf7 39.Qd8 Qd7 40.Qh4 c3 41.Qb4 Qf7 42.Qxc3 Qe7 43.Qc4 Bd7
44.Qe4 Bc6 45.Qf4 a5 46.Kg3 Be8 47.Qe3 a4 48.Kh3 Bd7 49.g4 Be8 50.Kg3 Bd7
51.Bg5 Qf7 52.Qc1 Be8 53.Qc5 Qf8 54.Qc8 Qf7 55.Qc4 Kg7 56.Qc1 Kg8 57.Qd2 Qf8
58.Qe3 Qf7 59.Bh6 Qe7 60.Qc3 Kf7 61.Qd2 Kg8 62.Qc1 Bd7 63.Qc7 Kf7 64.Bg5 Qe8
65.Qd6 Kg8 66.Bh6 Kf7 67.Bg5 Kg8 68.Qd4 Kf7 69.Bh6 Qe7 70.Bg5 Qe8 71.Bd2 Kg8
72.Qd6 Kf7 73.Qd4 Kg8 74.Bh6 Qe7 75.Qe3 Be8 76.Bg5 Qf7 77.Qb6 Kg7 78.Bf6+ Kg8
79.Qb4 Qf8 80.Qb8 Qf7 81.Bg5 Qd7 82.Bh6 Qe7 83.Bg5 Qd7 84.Bh6  1/2-1/2

[Event "ch-USA 2012"]
[Site "Saint Louis USA"]
[Date "2012.05.09"]
[Round "2"]
[White "Akobian,V"]
[Black "Shulman,Y"]
[Result "1/2-1/2"]
[WhiteElo "2625"]
[BlackElo "2571"]

1.d4 d5 2.c4 e6 3.Nf3 Nf6 4.Nc3 c6 5.e3 a6 6.b3 Bb4 7.Bd2 Bd6 8.Bd3 c5 9.O-O O-O
10.cxd5 exd5 11.e4 cxd4 12.Nxd5 Nxd5 13.exd5 Bg4 14.h3 Bh5 15.g4 Bg6 16.Bxg6 hxg6
17.Rc1 Nd7 18.Rc4 Ne5 19.Rxd4 Bc5 20.Re4 Nxf3+ 21.Qxf3 Qxd5 22.Be3 Rae8 23.Bxc5 Qxe4
24.Qxe4 Rxe4 25.Bxf8 Kxf8 26.Rc1 Rb4 27.Rc7 a5 28.Kg2 b5 29.Rb7 a4 30.bxa4 Rxa4
31.Rxb5 Rxa2 32.Rb8+ Ke7 33.Rg8 Kf6 34.h4 g5 35.hxg5+ Kg6 36.Kg3 Ra3+ 37.f3 Rb3
38.Rf8 Ra3 39.Kf2 Ra2+ 40.Ke3 Ra3+ 41.Kf4 Ra4+ 42.Kg3  1/2-1/2

[Event "ch-USA 2012"]
[Site "Saint Louis USA"]
[Date "2012.05.10"]
[Round "3"]
[White "Shulman,Y"]
[Black "Seirawan,Y"]
[Result "1-0"]
[WhiteElo "2571"]
[BlackElo "2643"]

1.d4 Nf6 2.c4 e6 3.Nf3 b6 4.g3 Bb7 5.Bg2 Be7 6.O-O O-O 7.d5 exd5 8.Nh4 c6
9.cxd5 Nxd5 10.Nf5 Nc7 11.e4 d6 12.Bf4 Ne8 13.Nc3 Na6 14.Qd2 Nc5 15.Rfd1 Ne6
16.Nxe7+ Qxe7 17.Bxd6 Nxd6 18.Qxd6 Qxd6 19.Rxd6 Rfd8 20.Rad1 Rxd6 21.Rxd6 Rd8
22.Rxd8+ Nxd8 23.e5 Kf8 24.f4 Bc8 25.Kf2 Ke7 26.Ke3 f6 27.exf6+ Kxf6 28.a3 h6
29.Bf3 Bd7 30.h4 Nf7 31.g4 Ke7 32.Ne4 c5 33.Ng3 Nd6 34.Be2 Be6 35.Ne4 Nxe4
36.Kxe4 Kd6 37.g5 Bg8 38.gxh6 Bh7+ 39.f5 gxh6 40.Bc4 Ke7 41.Ke5 Kf8 42.Kf6  1-0

[Event "ch-USA 2012"]
[Site "Saint Louis USA"]
[Date "2012.05.11"]
[Round "4"]
[White "Shulman,Y"]
[Black "Stripunsky,A"]
[Result "1/2-1/2"]
[WhiteElo "2571"]
[BlackElo "2562"]

1.d4 d5 2.c4 c6 3.Nf3 Nf6 4.Nc3 e6 5.e3 Nbd7 6.Bd3 dxc4 7.Bxc4 b5 8.Bd3 Bd6
9.O-O O-O 10.b3 Bb7 11.Bb2 Qb8 12.Rc1 Rd8 13.h3 h6 14.Qc2 a6 15.Ne4 Nxe4
16.Bxe4 Qa7 17.Rfd1 Nf6 18.Bd3 Rac8 19.Qe2 Qa8 20.Bb1 Be7 21.Ne1 c5 22.dxc5 Rxd1
23.Qxd1 Rxc5 24.Rxc5 Bxc5 25.Bxf6 gxf6 26.Qc2 Qc8 27.Qh7+ Kf8 28.Qxh6+ Ke7
29.e4 Qd8 30.Qc1 Qd4 31.Qf4 Bb6 32.Bc2 Qc3 33.Kf1 e5 34.Qf3 Qa1 35.a4 Bc6
36.Qd1 Qb2 37.axb5 axb5 38.Qd2 Bc5 39.Ke2 Qa1 40.Nd3 Bd4 41.Nb4 Qa8 42.Nxc6+ Qxc6
43.Bd3 Qc5 44.Kf3 Kf8 45.g3 Kg7 46.Kg2 Qa3 47.Bc2 Qb2 48.h4 Qc3 49.Qe2 b4
50.Bd1 Kf8 51.h5 Qc1 52.Qf3 Kg7 53.Be2 Qg5 54.Bc4 Kf8 55.Qd1 Kg7 56.f4 Qh6
57.Qg4+ Kf8 58.Kf3 Ke7 59.Bb5 Qh8 60.Qd7+ Kf8 61.Qc8+ Kg7 62.Qg4+ Kf8 63.Ke2 Ke7
64.Qd7+ Kf8 65.Qc8+ Kg7 66.Qg4+ Kh6 67.Qf5 Qg7 68.Kf3 exf4 69.Qxf4+ Qg5 70.Bc4 Qxf4+
71.Kxf4 Kxh5 72.Kf5 Kh6 73.Bxf7 Kg7 74.Bc4 Bc3 75.g4 Bd2 76.Bd5 Bc1 77.Bc6  1/2-1/2

[Event "ch-USA 2012"]
[Site "Saint Louis USA"]
[Date "2012.05.12"]
[Round "5"]
[White "Lenderman,A"]
[Black "Shulman,Y"]
[Result "1/2-1/2"]
[WhiteElo "2587"]
[BlackElo "2571"]

1.d4 Nf6 2.c4 e6 3.Nf3 d5 4.e3 Be7 5.Nbd2 O-O 6.b3 b6 7.Bb2 Bb7 8.Bd3 c5
9.O-O Nc6 10.Rc1 Rc8 11.Qe2 dxc4 12.bxc4 Qc7 13.dxc5 bxc5 14.Rfd1 Rfd8 15.Bc3 h6
16.h3 Nd7 17.Nb3 Nb4 18.Bb1 Bf6 19.Bxf6 Nxf6 20.a3 Bxf3 21.gxf3 Rxd1+ 22.Rxd1 Nc6
23.Nxc5 Ne5 24.Ne4 Nxe4 25.Bxe4 Qxc4 26.Qb2 Qc7 27.f4 Nd7 28.Qb4 Nf6 29.Bf3 g6
30.Kg2 Kg7  1/2-1/2

[Event "ch-USA 2012"]
[Site "Saint Louis USA"]
[Date "2012.05.13"]
[Round "6"]
[White "Shulman,Y"]
[Black "Kamsky,G"]
[Result "1/2-1/2"]
[WhiteElo "2571"]
[BlackElo "2741"]

1.c4 c5 2.g3 g6 3.Bg2 Bg7 4.Nc3 Nc6 5.Nf3 e5 6.O-O Nge7 7.d3 d6 8.a3 a5 9.Ne1 O-O
10.Nc2 Bd7 11.Ne3 h6 12.Rb1 Rb8 13.Bd2 b6 14.Ned5 Nxd5 15.Nxd5 b5 16.b4 axb4
17.axb4 cxb4 18.Bxb4 Nxb4 19.Rxb4 bxc4 20.Rxc4 Rb5 21.Rc1 h5 22.h4 Ra5 23.Qd2 Ra7
24.Rc2 Kh7 25.Qb4 Qb8 26.Rb1 Qxb4 27.Rxb4 Rc8 28.Rxc8 Bxc8 29.Rb6 Ra1+ 30.Kh2 Bg4
31.Bf3 Bxf3 32.exf3 Ra2 33.Kg2 e4 34.fxe4 Bd4 35.Rxd6 Rxf2+ 36.Kh3 Rd2 37.Nf6+ Bxf6
38.Rxf6 Rxd3 39.Rxf7+ Kg8 40.Rf2 Re3 41.Rf4 Re2 42.g4 Re3+ 43.Kg2 hxg4 44.Kf2 Rh3
45.Rxg4 Kf7 46.Kg2 Re3 47.Kf2  1/2-1/2

[Event "ch-USA 2012"]
[Site "Saint Louis USA"]
[Date "2012.05.16"]
[Round "8"]
[White "Shulman,Y"]
[Black "Hess,Ro"]
[Result "1/2-1/2"]
[WhiteElo "2571"]
[BlackElo "2635"]

1.d4 d5 2.c4 c6 3.Nf3 Nf6 4.Nc3 e6 5.e3 a6 6.Qc2 Nbd7 7.b3 Bd6 8.Be2 O-O
9.O-O e5 10.cxd5 cxd5 11.dxe5 Nxe5 12.Bb2 Be6 13.Rac1 Rc8 14.Qd2 Ne4 15.Nxe4 Nxf3+
16.Bxf3 dxe4 17.Qd4 Bxh2+ 18.Kxh2 Qxd4 19.Bxd4 exf3 20.gxf3 f6 21.Bb2 Kf7
22.Rxc8 Rxc8 23.Rc1 Rxc1 24.Bxc1 h5 25.f4 Bd5 26.Kg3 Be4 27.f3 Bb1 28.a3 Bc2
29.b4 f5 30.Bd2 Ke6 31.Bc3 g6 32.b5 axb5 33.Bb4 Kd5 34.Be7 Kc4 35.e4 fxe4  1/2-1/2

[Event "ch-USA 2012"]
[Site "Saint Louis USA"]
[Date "2012.05.18"]
[Round "10"]
[White "Shulman,Y"]
[Black "Robson,R"]
[Result "1/2-1/2"]
[WhiteElo "2571"]
[BlackElo "2614"]

1.c4 Nf6 2.Nc3 d5 3.cxd5 Nxd5 4.g3 g6 5.Bg2 Nxc3 6.bxc3 Bg7 7.Nf3 O-O 8.O-O c5
9.Rb1 Nc6 10.Qa4 Qa5 11.Qxa5 Nxa5 12.Ng5 Rb8 13.Ne4 b6 14.Nxc5 Bg4 15.f3 Bxf3
16.Nd7 Bxe2 17.Rf2 Bd3 18.Rb4 e6 19.Nxb8 Rxb8 20.Bf1 Rd8 21.Bxd3 Rxd3 22.Kg2 f5
23.Rf3 Rd7 24.d4 Kf7 25.Bf4 h6 26.h4 Bf8 27.Rb1 Nc4 28.Rf2 Kf6 29.Re2 g5
30.hxg5+ hxg5 31.Be5+ Kf7 32.Rbe1 a5 33.Bh8 Rd6 34.Rh1 Kg6 35.a4 b5 36.axb5 a4
37.d5 Rxd5 38.Rxe6+ Kf7 39.Rf6+ Kg8 40.Rg6+ Kf7 41.Rxg5 Rxb5 42.Rh7+ Ke6
43.Rg6+ Kd5 44.Rd7+ Bd6 45.Rgxd6+ Nxd6 46.c4+ Kxc4 47.Rxd6 a3 48.Kf3 Rb1
49.Ra6 Rh1 50.Bg7 Kb3 51.Rb6+ Ka4 52.Kf4 Rf1+ 53.Kg5 a2 54.Ra6+ Kb3 55.Be5 Rf3
56.Ra8 Rf1 57.Kf6 Rf3 58.Rb8+ Kc4 59.Rc8+ Kb3 60.Ra8 Rf1 61.Ke6 Rf2 62.Rb8+ Kc4
63.Rc8+ Kb3 64.Rc1 Rf3 65.Re1 Rf2 66.Rg1 Rf3 67.Kf6 Rf2 68.Kg5 Rf3 69.Bg7 Rf2
70.Bf6 Rf3 71.Rg2 Ka3 72.Bg7 Kb3 73.Be5 Ka3 74.Rg1 Kb3 75.Kf6 Rf2 76.Rh1 Rf3
77.Ke6 Rf2 78.Rh7 f4 79.g4 f3 80.Rh1 Re2 81.Rf1 f2 82.Kf6 Re4 83.Rxf2 Rxg4
84.Rb2+ Ka3 85.Rb8 Re4 86.Ra8+ Kb3 87.Ke6 Rxe5+ 88.Kxe5 Kb2  1/2-1/2

[Event "ch-USA 2012"]
[Site "Saint Louis USA"]
[Date "2012.05.19"]
[Round "11"]
[White "Onischuk,Al"]
[Black "Shulman,Y"]
[Result "1/2-1/2"]
[WhiteElo "2660"]
[BlackElo "2571"]

1.d4 Nf6 2.c4 g6 3.Nc3 Bg7 4.e4 d6 5.Nf3 O-O 6.Be2 e5 7.Be3 exd4 8.Nxd4 Re8
9.f3 c6 10.Qd2 d5 11.exd5 cxd5 12.O-O Nc6 13.Rad1 dxc4 14.Nxc6 Qxd2 15.Bxd2 bxc6
16.Bxc4 Be6 17.Bxe6 Rxe6 18.Rfe1 Rxe1+ 19.Bxe1 Nd5 20.Nxd5 cxd5 21.b3 d4
22.Kf1 Rc8 23.Bf2 Rc2 24.a4 Rb2 25.Bxd4 Bxd4 26.Rxd4 Rxb3 27.Rd7 h5 28.Rxa7 Ra3
29.a5 h4 30.a6 h3 31.gxh3 Rxf3+ 32.Kg2 Ra3 33.h4  1/2-1/2

[Event "21st Chicago Open"]
[Site "Wheeling USA"]
[Date "2012.05.24"]
[Round "1"]
[White "Ni,V"]
[Black "Shulman,Y"]
[Result "0-1"]
[WhiteElo "2228"]
[BlackElo "2571"]

1.d4 e6 2.c4 b6 3.Nf3 Bb7 4.a3 d5 5.Nc3 Be7 6.cxd5 exd5 7.Qa4+ c6 8.Bf4 Nf6
9.e3 O-O 10.Bd3 c5 11.O-O c4 12.Bb1 a6 13.h3 b5 14.Qc2 Nc6 15.Ne5 g6 16.Rd1 Re8
17.Qe2 Bd6 18.Nxc6 Bxc6 19.Bg5 Be7 20.Bc2 a5 21.Qf3 b4 22.Bxf6 Bxf6 23.Ba4 bxc3
24.Bxc6 cxb2 25.Bxe8 Qxe8 26.Rab1 c3 27.Re1 Qc6  0-1

[Event "21st Chicago Open"]
[Site "Wheeling USA"]
[Date "2012.05.25"]
[Round "2"]
[White "Shulman,Y"]
[Black "Gulamali,K"]
[Result "1-0"]
[WhiteElo "2571"]
[BlackElo "2346"]

1.d4 d5 2.c4 c6 3.Nf3 Nf6 4.e3 e6 5.Bd3 Nbd7 6.O-O Ne4 7.b3 f5 8.Qc2 Bd6
9.Ba3 Bxa3 10.Nxa3 Qe7 11.Nb1 O-O 12.a3 a5 13.Nc3 b6 14.Rfd1 Bb7 15.Qb2 c5
16.Ne2 Rf6 17.b4 dxc4 18.Bxc4 Nd6 19.Nd2 Rh6 20.Nf4 Nxc4 21.Nxc4 g5 22.Ne2 Bd5
23.Ne5 Nxe5 24.dxe5 Qb7 25.bxc5 Bxg2 26.Qxb6 Qf3 27.Rd8+ Kg7 28.Rd7+ Kg8
29.Rb1 Rf8 30.Qd6 Re8 31.Rb8  1-0

[Event "21st Chicago Open"]
[Site "Wheeling USA"]
[Date "2012.05.25"]
[Round "3"]
[White "Akobian,V"]
[Black "Shulman,Y"]
[Result "1/2-1/2"]
[WhiteElo "2625"]
[BlackElo "2571"]

1.d4 Nf6 2.c4 e6 3.Nf3 d5 4.Nc3 c6 5.e3 a6 6.c5 Nbd7 7.b4 Qc7 8.Bb2 Be7 9.Bd3 e5
10.dxe5 Nxe5 11.Nxe5 Qxe5 12.Qc2 Qh5 13.Ne2 O-O 14.h4 a5 15.a3 axb4 16.axb4 Rxa1+
17.Bxa1 Ng4 18.Bd4 Qh6 19.Bf5 Bxf5 20.Qxf5 Qe6 21.Qf4 Bf6 22.O-O Ne5  1/2-1/2

[Event "21st Chicago Open"]
[Site "Wheeling USA"]
[Date "2012.05.26"]
[Round "4"]
[White "Shulman,Y"]
[Black "Finegold,B"]
[Result "1/2-1/2"]
[WhiteElo "2571"]
[BlackElo "2494"]

1.d4 d5 2.c4 Nc6 3.Nc3 e5 4.cxd5 Nxd4 5.e3 Nf5 6.Nf3 Bd6 7.Bb5+ Kf8 8.h4 Nf6
9.e4 Ne7 10.Bg5 h6 11.Bxf6 gxf6 12.Nd2 c6 13.dxc6 Nxc6 14.Bxc6 bxc6 15.Nc4 Be7
16.Qxd8+ Bxd8 17.Nd1 Be6 18.Rc1 Ke7 19.Ke2 Rc8 20.Nde3 Bb6 21.Rc2 Rhd8 22.Rhc1 Rd4
23.f3 Kd7 24.b3 Kc7 25.Nxb6 Kxb6 26.Nc4+ Bxc4+ 27.Rxc4 Rxc4 28.Rxc4 Rg8 29.g4 h5
30.gxh5 Rg2+ 31.Ke3 Rh2 32.Rb4+ Kc7 33.Ra4 Kb6 34.Rb4+ Kc7 35.Ra4 Kb6 36.Rb4+  1/2-1/2

[Event "21st Chicago Open"]
[Site "Wheeling USA"]
[Date "2012.05.26"]
[Round "5"]
[White "Ludwig,Dan"]
[Black "Shulman,Y"]
[Result "1-0"]
[WhiteElo "2456"]
[BlackElo "2571"]

1.d4 Nf6 2.c4 e6 3.Nc3 Bb4 4.Qc2 O-O 5.a3 Bxc3+ 6.Qxc3 b6 7.Bg5 c5 8.dxc5 bxc5
9.e3 d6 10.O-O-O Nbd7 11.Rxd6 Qc7 12.Rd1 Ne4 13.Qc2 Nxg5 14.h4 Ne4 15.Qxe4 Bb7
16.Qc2 Ne5 17.Ne2 Rad8 18.Rxd8 Rxd8 19.Nf4 Bc6 20.Be2 Rb8 21.Rd1 Qa5 22.Qd2 Qb6
23.Qc3 Qc7 24.Rd2 Ba4 25.Bd1 Bxd1 26.Rxd1 h6 27.Nh5 f6 28.Nf4 Qc6 29.Qa5 Nxc4
30.Qxa7 Qb5 31.b4 Ne5 32.Nxe6 Rb7 33.Qxc5 Qa6 34.Qc8+ Kh7 35.Nf8+ Kg8 36.Nd7+ Kh7
37.Qc2+ g6 38.Nxe5 Qxa3+ 39.Qb2 Rc7+ 40.Kb1 Qa4 41.Rc1 Rxc1+ 42.Kxc1 fxe5
43.h5 e4 44.hxg6+ Kxg6 45.Kd2 Qd7+ 46.Qd4 Qc6 47.b5 Qxb5 48.Qxe4+ Kg7 49.Qd4+ Kf7
50.Ke1 Qc6 51.Qf4+ Kg6 52.Qg4+ Kh7 53.Qf5+ Kg7 54.g4 Qa6 55.e4 Qd3 56.e5 Qc3+
57.Kf1 Qc1+ 58.Kg2 Qc6+ 59.Qf3 Qc4 60.Qf6+ Kh7 61.Qf5+ Kg7 62.e6 Qc6+ 63.f3 Qc4
64.Qe5+ Kf8 65.Qf6+ Kg8 66.Qg6+ Kh8 67.Qxh6+ Kg8 68.Qg6+ Kh8 69.Qe4 Qa2+
70.Kg3 Qa1 71.Qe3  1-0

[Event "21st Chicago Open"]
[Site "Wheeling USA"]
[Date "2012.05.27"]
[Round "6"]
[White "Shulman,Y"]
[Black "Amanov,Z"]
[Result "1-0"]
[WhiteElo "2571"]
[BlackElo "2401"]

1.d4 Nf6 2.c4 e6 3.Nc3 Bb4 4.e3 O-O 5.Bd3 c5 6.Nf3 b6 7.O-O Bb7 8.Na4 Na6
9.a3 Ba5 10.d5 d6 11.Nc3 Bxc3 12.bxc3 Nc7 13.e4 Nd7 14.Bf4 Ne8 15.Re1 f6
16.Nd2 Ne5 17.Bf1 Ng6 18.Bg3 e5 19.Bd3 Bc8 20.Qh5 Ne7 21.Rf1 Bd7 22.f4 exf4
23.Rxf4 Ng6 24.e5 dxe5 25.Rh4 f5 26.Qxh7+ Kf7 27.Nf3 Rh8 28.Qxh8 Nxh8 29.Nxe5+ Kf6
30.Rxh8 g5 31.Rf8+  1-0

[Event "21st Chicago Open"]
[Site "Wheeling USA"]
[Date "2012.05.27"]
[Round "7"]
[White "Yang,Dar"]
[Black "Shulman,Y"]
[Result "1/2-1/2"]
[WhiteElo "2476"]
[BlackElo "2571"]

1.d4 Nf6 2.c4 e6 3.Nc3 Bb4 4.e3 O-O 5.Ne2 Re8 6.a3 Bf8 7.d5 d6 8.g3 exd5
9.cxd5 c5 10.dxc6 bxc6 11.Bg2 d5 12.O-O Nbd7 13.Nd4 Bb7 14.b4 Ne5 15.Rb1 Qd7
16.Qc2 Rac8 17.Rd1 Ba6 18.Na4 Bc4 19.Bb2 Ne4 20.Nf3 Nxf3+ 21.Bxf3 Ng5 22.Bg2 Qg4
23.Rd4 Nf3+ 24.Bxf3 Qxf3 25.Rf4 Qh5 26.Rh4 Qg6 27.Qxg6 hxg6 28.Rd4 Rb8 29.Rd2 a5
30.Bc3 axb4 31.axb4 Rb5 32.Rdb2 Bd3 33.Rc1 Ra8 34.Nc5 Bxc5 35.bxc5 Rxc5 36.Kg2 Be4+
37.f3 Bd3 38.g4 g5 39.Kg3 Bb5 40.Bd2 Rxc1 41.Bxc1 f6 42.Bd2 Ra3 43.Kf2 Kf7
44.Bb4 Ra1 45.Rc2 Ke6 46.Bc5 g6 47.Bd4 Ra4 48.h3 f5 49.Bb6 f4 50.Bd4 Ra3
51.Bc5 Rd3 52.exf4 gxf4 53.Re2+ Kd7 54.Re7+ Kd8 55.Rg7 Rd2+ 56.Ke1 Rc2 57.Bd6 Re2+
58.Kd1 Re6 59.Bxf4 Be2+ 60.Kd2 Bxf3 61.Be3 Ke8 62.Bc5 Be4 63.h4 Bf3 64.Rg8+ Kd7
65.Rg7+ Kc8 66.g5 Bg4 67.Re7 Rxe7 68.Bxe7 Kd7 69.Bc5 Ke6 70.Ke3 Ke5 71.Bb6 Bd1
72.Bc5 Kf5 73.Kd4 Kg4 74.Be7 Kxh4 75.Bf6 Kg4 76.Bd8 Kf4 77.Be7 Bg4 78.Bd8 Bc8
79.Be7 Kf5 80.Bd8 Ke6 81.Bf6 Kd6 82.Be5+  1/2-1/2

[Event "21st Chicago Open"]
[Site "Wheeling USA"]
[Date "2012.05.28"]
[Round "8"]
[White "Shulman,Y"]
[Black "Sarkar,J"]
[Result "1-0"]
[WhiteElo "2571"]
[BlackElo "2411"]

1.d4 Nf6 2.c4 g6 3.Nc3 d5 4.cxd5 Nxd5 5.e4 Nxc3 6.bxc3 Bg7 7.Qa4+ Qd7 8.Qb3 O-O
9.Nf3 b6 10.Bd3 Bb7 11.O-O Nc6 12.Qb5 Rad8 13.Qg5 e5 14.d5 f6 15.Qe3 Ne7
16.a4 Nc8 17.a5 Rfe8 18.c4 Bf8 19.a6 Ba8 20.Ba3 Bxa3 21.Rxa3 c5 22.Bc2 Re7
23.Nd2 Nd6 24.f4 Rf8 25.Qg3 Nf7 26.f5 g5 27.Qg4 Nd6 28.h4 h6 29.Rh3 Rh7 30.hxg5 hxg5
31.Rxh7 Qxh7 32.Rf3 Qf7 33.Rh3 Kg7 34.Ba4 Rh8 35.Rxh8 Kxh8 36.Qh3+ Kg7 37.Kf2 Kg8
38.Qh6 Qg7 39.Qxg7+ Kxg7 40.Kf3 Kf7 41.Kg4 Kf8 42.Bb5 Kf7 43.Kf3 Ke7 44.Nb1 Kf7
45.Nc3 Ke7 46.Kg4 Nc8 47.Kh5 g4 48.Kxg4 Nd6 49.Kh5 Nf7 50.Kg6 Nd6 51.Kg7 Nf7
52.g4 Ng5 53.Bc6 Bxc6 54.dxc6  1-0

[Event "21st Chicago Open"]
[Site "Wheeling USA"]
[Date "2012.05.28"]
[Round "9"]
[White "Hess,Ro"]
[Black "Shulman,Y"]
[Result "1/2-1/2"]
[WhiteElo "2635"]
[BlackElo "2571"]

1.d4 Nf6 2.c4 g6 3.Nc3 Bg7 4.e4 d6 5.Nf3 O-O 6.Be2 e5 7.Be3 Ng4 8.Bg5 f6
9.Bh4 Nc6 10.dxe5 dxe5 11.Qd5+ Kh8 12.Rd1 Qe7 13.Qd2 Qf7 14.Nd5 g5 15.Bg3 Nh6
16.O-O Be6 17.h3 Rad8 18.Qe3 Rd7 19.Qb3 Nd8 20.Ne3 Re8 21.Nh2 Rd4 22.f3 c5
23.Nd5 Nc6 24.Qe3 Rxd1 25.Bxd1 Nd4 26.Be1 Ng8 27.h4 Qg6 28.hxg5 fxg5 29.Bd2 h6
30.g4 Ne7 31.Rf2 Qf7 32.Qa3 Nec6 33.Nf1 b6 34.Ng3 Rf8 35.Nf5 Nxf5 36.gxf5 Bxd5
37.cxd5 Nd4 38.Rh2 Qe7 39.Qa6 Kg8 40.a4 Qc7 41.Qc4 Qd6 42.Be3 Rd8 43.Rg2 Kh7
44.Qf1 Qe7 45.Bc2 Qe8 46.Bd1 Rd6 47.Qd3 Kg8 48.Qc4 a5 49.Rh2 Kf8 50.Kf2 Ke7
51.Be2 Kf8 52.Bf1 Qd8 53.Bd3 Qc7 54.Bb1 Ke7 55.Ba2 Kd8 56.Qa6 Qc8 57.Qa7 Qc7
58.Qa8+ Qc8 59.Qa7 Qc7 60.Qa8+ Qc8 61.Qxc8+ Kxc8 62.Bc4 Kd8 63.Kg3 Ke7 64.Kg4 Bf8
65.Bxd4 cxd4 66.Rc2 Rf6 67.Ba6 Kd7 68.Bb5+ Kd8 69.Rc6 Rxc6 70.dxc6 Kc7 71.Kh5 d3
72.Bxd3 Kxc6 73.Kg6 Kc5 74.Kf7 Bd6 75.Ke6 h5 76.f6 g4 77.fxg4 hxg4 78.Bf1 g3
79.Bh3 Kc6 80.Kf7 Kc5 81.Ke6 Kc6 82.Bf1 Kc5 83.Bg2 Kc6 84.Bf3 Kc5 85.Bh1 Kc6  1/2-1/2

[Event "Spice Cup Open"]
[Site "Saint Louis USA"]
[Date "2012.10.16"]
[Round "1"]
[White "Shulman,Y"]
[Black "Bregadze,L"]
[Result "1/2-1/2"]
[WhiteElo "2595"]
[BlackElo "2366"]

1.d4 Nf6 2.c4 e6 3.Nc3 Bb4 4.e3 O-O 5.Bd3 c5 6.Nf3 cxd4 7.exd4 d5 8.O-O dxc4
9.Bxc4 Nc6 10.Bg5 h6 11.Bh4 Be7 12.Re1 Nd5 13.Bxd5 exd5 14.Bxe7 Nxe7 15.Qb3 b6
16.Rac1 Bb7 17.Nb5 Ba6 18.Nc7 Bc4 19.Qa3 Qxc7 20.Rxe7 Qf4 21.Rce1 a5 22.g3 Qf6
23.Ne5 Bb5 24.Rb7 Ba6 25.Rd7 Rae8 26.Rc1 Qf5 27.Ra7 Rc8 28.Re1 Bb5 29.Rb7 Rc2
30.Qe3 f6 31.Nf3 Re8 32.Qxe8+ Bxe8 33.Rxe8+ Kh7 34.Kg2 Rc1 35.Ree7 Qd3 36.Rxg7+ Kh8
37.g4 Qf1+ 38.Kg3 Rc2 39.Rge7 Qxf2+ 40.Kf4 Rc8 41.Rh7+ Kg8 42.Rhg7+ Kh8 43.Rh7+ Kg8
44.Rbg7+ Kf8 45.Rd7 Kg8 46.Rhg7+ Kh8 47.Rh7+ Kg8 48.Rxh6 Rf8 49.Rg6+ Kh8
50.Rh6+ Kg8 51.Rg6+ Kh8 52.Rh6+ Kg8  1/2-1/2

[Event "Spice Cup Open"]
[Site "Saint Louis USA"]
[Date "2012.10.17"]
[Round "3"]
[White "Shulman,Y"]
[Black "Heredia Serrano,C"]
[Result "1-0"]
[WhiteElo "2595"]
[BlackElo "2188"]

1.d4 d5 2.c4 c6 3.Nf3 Nf6 4.Nc3 dxc4 5.a4 a5 6.e4 Bg4 7.Bxc4 e6 8.O-O Bb4
9.e5 Nd5 10.Ne4 Nd7 11.h3 Bh5 12.Ng3 Bg6 13.Ng5 h6 14.N5e4 Qb6 15.Kh1 O-O
16.Qg4 Kh8 17.Rd1 Rad8 18.f4 Bxe4 19.Nxe4 f5 20.exf6 N7xf6 21.Qe2 Nxe4 22.Qxe4 Nf6
23.Qe2 c5 24.dxc5 Rxd1+ 25.Qxd1 Bxc5 26.b3 Bd4 27.Ra2 e5 28.Ba3 Re8 29.Bb5 Rc8
30.fxe5 Bxe5 31.Re2 Rd8 32.Qe1 Bb8 33.Bb2 Qc7 34.Be5 Qc8 35.Bxf6 gxf6 36.Re7 Be5
37.Qb1  1-0

[Event "Spice Cup Open"]
[Site "Saint Louis USA"]
[Date "2012.10.17"]
[Round "4"]
[White "Fierro Baquero,M"]
[Black "Shulman,Y"]
[Result "0-1"]
[WhiteElo "2387"]
[BlackElo "2595"]

1.c4 e5 2.g3 Nf6 3.Bg2 Nc6 4.Nc3 Bc5 5.Nf3 d6 6.O-O O-O 7.d3 h6 8.e3 Bf5
9.h3 Qd7 10.Kh2 Rae8 11.a3 a6 12.b4 Ba7 13.Bb2 Be6 14.Rc1 Ne7 15.a4 Rd8 16.b5 Rfe8
17.Qb3 c6 18.Ba3 Ng6 19.Rb1 d5 20.bxc6 bxc6 21.cxd5 cxd5 22.d4 e4 23.Ne5 Nxe5
24.dxe5 d4 25.Qc2 Bc4 26.Nxe4 Nxe4 27.Qxc4 Nd2 28.Qxa6 Nxf1+ 29.Bxf1 dxe3
30.Bd6 Qf5 31.Rb2 Bd4 32.Bd3 Qf3 33.Re2 exf2  0-1

[Event "Spice Cup Open"]
[Site "Saint Louis USA"]
[Date "2012.10.18"]
[Round "5"]
[White "Shulman,Y"]
[Black "Neimer,V"]
[Result "1/2-1/2"]
[WhiteElo "2595"]
[BlackElo "2384"]

1.d4 Nf6 2.c4 e6 3.Nf3 b6 4.g3 Ba6 5.Qa4 Bb7 6.Bg2 c5 7.dxc5 Bxc5 8.O-O O-O
9.Nc3 Be7 10.Rd1 a6 11.Bf4 d6 12.Rd2 Qc7 13.Rad1 e5 14.Bg5 Nbd7 15.Nh4 g6
16.Bxb7 Qxb7 17.Ng2 Rfc8 18.Ne3 Bf8 19.Bxf6 Nxf6 20.Ned5 Nxd5 21.Nxd5 Rc5
22.Qc2 Rac8 23.b3 b5 24.Qe4 Qc6 25.cxb5 axb5 26.g4 h6 27.Kg2 Rc2 28.Qd3 Rxd2
29.Qxd2 Qc2 30.e3 Kg7 31.Qxc2 Rxc2 32.Nb4 Rc5 33.Rd5 f5 34.f3 Kf6 35.Rxc5 dxc5
36.Nd5+ Kf7 37.e4 fxe4 38.fxe4 c4 39.bxc4 bxc4 40.Kf3 Ke6 41.Ne3 c3 42.Ke2 Kf6
43.h4 h5 44.gxh5 gxh5 45.Kd3 Bc5 46.a4 Ke6 47.a5 Kd7 48.Nf5 Bb4 49.a6 Kc6
50.Ne3 Bc5 51.Nd5 Bf2 52.Ne7+ Kb6 53.Nf5 Be1 54.Nd6 Bxh4 55.Kxc3 Bg3 56.Kd3 Kxa6
57.Ke2 Kb6 58.Kf3 h4 59.Kg2 Kc5 60.Nf7 Kd4 61.Kh1 Kxe4  1/2-1/2

[Event "Spice Cup Open"]
[Site "Saint Louis USA"]
[Date "2012.10.18"]
[Round "6"]
[White "Gerzhoy,L"]
[Black "Shulman,Y"]
[Result "1-0"]
[WhiteElo "2469"]
[BlackElo "2595"]

1.d4 Nf6 2.Nf3 d5 3.e3 e6 4.Bd3 c5 5.b3 Be7 6.O-O O-O 7.Bb2 b6 8.Nbd2 Bb7
9.Ne5 Nbd7 10.Qf3 Qc7 11.Qh3 h6 12.f4 Ne4 13.Nxe4 dxe4 14.Bc4 Nxe5 15.dxe5 Rad8
16.f5 exf5 17.Qxf5 Bg5 18.Rae1 Qe7 19.e6 fxe6 20.Bxe6+ Kh8 21.Qg6 Bd5 22.Rxf8+ Qxf8
23.Bxd5 Rxd5 24.Qxe4 Rf5 25.h4 Be7 26.Rd1 Qf7 27.Rd7  1-0